BIBLIOTECA

SENCICO

Metodología de formación flexible para pequeños empresarios latinoamericanos (Registro nro. 1516)

Detalles MARC
000 -LEADER
fixed length control field 00581nam a2200217Ia 4500
005 - DATE AND TIME OF LATEST TRANSACTION
control field 20251020182514.0
008 - FIXED-LENGTH DATA ELEMENTS--GENERAL INFORMATION
fixed length control field 200515s9999 xx 000 0 und d
020 ## - INTERNATIONAL STANDARD BOOK NUMBER
International Standard Book Number 92-9088-062-4
082 ## - DEWEY DECIMAL CLASSIFICATION NUMBER
Classification number 658.114/O65
100 ## - MAIN ENTRY--PERSONAL NAME
Personal name Patrome, Alesandro
245 #0 - TITLE STATEMENT
Title Metodología de formación flexible para pequeños empresarios latinoamericanos
260 ## - PUBLICATION, DISTRIBUTION, ETC.
Place of publication, distribution, etc. Montevideo
260 ## - PUBLICATION, DISTRIBUTION, ETC.
Name of publisher, distributor, etc. Cinterfor
260 ## - PUBLICATION, DISTRIBUTION, ETC.
Date of publication, distribution, etc. 1997
300 ## - PHYSICAL DESCRIPTION
Extent 54 p.
490 ## - SERIES STATEMENT
Series statement Papeles de la Oficina técnica, 3
500 ## - GENERAL NOTE
General note 1 ejemplar
650 ## - SUBJECT ADDED ENTRY--TOPICAL TERM
Topical term or geographic name entry element PEQUEÑA Y MEDIANA EMPRESA
942 ## - ADDED ENTRY ELEMENTS (KOHA)
Koha item type Libros
Existencias
Fecha de la última vez que lo usaron Pago total Signatura topográfica completa Código de barras Precio efectivo desde Tipo de documento Estado perdido Estado dañado No es para préstamo Retirado Ubicación permanente Ubicación actual Fecha de adquisición
15/05/2020   658.114/O65 Bib-Lima15051516 15/05/2020 Libros         Biblioteca Central Lima Biblioteca Central Lima 15/05/2020